| 000 | 00000nas 2200000za 4500 |
| 001 | 9.837808 |
| 003 | CaOODSP |
| 005 | 20221107151228 |
| 007 | cr ||||||||||| |
| 008 | 170606d20162016oncuu p oss f0 b0fre|d |
| 040 | |aCaOODSP|bfre |
| 043 | |an-cn--- |
| 086 | 1 |aNH2-49/1F-PDF |
| 245 | 00|aEnquête auprès des emprunteurs hypothécaires [infographie] |h[ressource électronique]. |
| 260 | |a[Ottawa] : |bSCHL |
| 362 | 0 |a2016. |
| 500 | |aPubl. aussi en anglais sous le titre : Mortgage consumer survey. |
| 500 | |aTitre de départ. |
| 500 | |aPour le rapport complet, veuillez voir NH2-49F-PDF. |
| 692 | 07|2gccst|aLogement |
| 692 | 07|2gccst|aPrêt hypothécaire |
| 710 | 2 |aSociété canadienne d'hypothèques et de logement. |
| 775 | 08|tMortgage consumer survey [infographic] |w(CaOODSP)9.837806 |